[Event "6th K. Asrian Memorial"]
[Site "Jermuk"]
[Date "2013.06.17"]
[Round "2"]
[Board "11"]
[White "Babujian, Levon"]
[Black "Abdumalik, Zhansaya"]
[Result "1-0"]
[WhiteElo "2488"]
[BlackElo "2250"]
[PlyCount "119"]
[EventDate "2013.06.16"]
[EventRounds "9"]
[EventCountry "ARM"]

1. c4 e5 2. Nc3 Nf6 3. g3 d5 4. cxd5 Nxd5 5. Bg2 Nb6 6. Nf3 Nc6 7. O-O Be7 8.
a3 Be6 9. d3 O-O 10. b4 a5 11. b5 Nd4 12. Bb2 Nb3 13. Rb1 f6 14. Nd2 Nxd2 15.
Qxd2 Nc4 16. Qc1 Nxb2 17. Qxb2 Rb8 18. Rbc1 c6 19. Rc2 Qd6 20. Ra1 Qd4 21. a4
Rfc8 22. Rac1 Bb4 23. bxc6 bxc6 24. Nd1 c5 25. Ne3 Bd2 26. Qxd4 cxd4 27. Bd5
Rxc2 28. Bxe6+ Kf8 29. Rxc2 dxe3 30. Kg2 Ke7 31. Bh3 Kd6 32. Kf3 Bb4 33. fxe3
Bc5 34. Bd7 Rb1 35. Bb5 Rf1+ 36. Kg2 Rb1 37. Kf2 g5 38. g4 Rh1 39. Kg2 Rb1 40.
Kf3 Rf1+ 41. Ke4 h5 42. h3 hxg4 43. hxg4 Rg1 44. Kf5 Rf1+ 45. Kg6 Rf2 46. Bc6
f5 47. gxf5 g4 48. Ba8 g3 49. Rc4 Bxe3 50. Rg4 Rxe2 51. f6 Ke6 52. Rxg3 Bc5 53.
Bf3 Rb2 54. Bg4+ Kd5 55. Bf5 Rb8 56. Kg7 Bd4 57. Be4+ Ke6 58. f7 Bc5 59. Rg6+
Kd7 60. Bc6+ 1-0

[Event "6th K. Asrian Memorial"]
[Site "Jermuk"]
[Date "2013.06.17"]
[Round "2"]
[Board "13"]
[White "Bakunts, Rafael"]
[Black "Matevosyan, Sedrak"]
[Result "1-0"]
[WhiteElo "2257"]
[BlackElo "2192"]
[PlyCount "93"]
[EventDate "2013.06.16"]
[EventRounds "9"]
[EventCountry "ARM"]

1. e4 c5 2. Nf3 d6 3. Nc3 Nf6 4. d4 cxd4 5. Nxd4 a6 6. g3 e6 7. Bg2 Be7 8. O-O
Qc7 9. Re1 O-O 10. f4 Nc6 11. Nxc6 bxc6 12. e5 Nd5 13. exd6 Bxd6 14. Ne4 Be7
15. a3 c5 16. c4 Nb6 17. Qc2 Bb7 18. b3 a5 19. a4 Nc8 20. Bb2 Na7 21. Qc3 f6
22. Qe3 Qb6 23. Ba3 Rac8 24. Nc3 Bxg2 25. Kxg2 Qb7+ 26. Kg1 Rc6 27. Nb5 Nc8 28.
Rad1 Re8 29. Rd3 Bf8 30. Red1 Ne7 31. Qf3 Qb6 32. Rd6 Rxd6 33. Rxd6 Qb8 34.
Rxe6 Rd8 35. Bxc5 Nf5 36. Bxf8 Kxf8 37. Qc6 Rd1+ 38. Kg2 Kf7 39. Re2 g6 40. c5
Rd3 41. Qe4 Rd1 42. g4 Ng7 43. Nd6+ Kg8 44. Qc4+ Kh8 45. Qf7 h5 46. Qxg6 Qa8+
47. Kf2 1-0

[Event "6th K. Asrian Memorial"]
[Site "Jermuk"]
[Date "2013.06.17"]
[Round "2"]
[Board "14"]
[White "Tutisani, Noe"]
[Black "Kotanjian, Tigran"]
[Result "0-1"]
[WhiteElo "2037"]
[BlackElo "2529"]
[PlyCount "82"]
[EventDate "2013.06.16"]
[EventRounds "9"]
[EventCountry "ARM"]

1. e4 c5 2. Nf3 d6 3. d4 cxd4 4. Nxd4 Nf6 5. Nc3 e6 6. Bc4 Be7 7. O-O O-O 8.
Bb3 Na6 9. f4 Nc5 10. e5 dxe5 11. fxe5 Nxb3 12. axb3 Bc5 13. Be3 Nd5 14. Bf2
Nf4 15. Nf3 Bxf2+ 16. Rxf2 Bd7 17. Qd4 Ng6 18. Re1 Bc6 19. Qg4 Qb6 20. Ne4 Rad8
21. h4 Bxe4 22. Qxe4 h5 23. Ref1 Rd5 24. c4 Ra5 25. Qe1 Ne7 26. Nd4 Rd8 27. Nb5
Nf5 28. b4 Rxb5 29. cxb5 Rd5 30. Kh2 g6 31. Qc3 Qxb5 32. Re1 Rd4 33. g3 Rxb4
34. Rg2 Kg7 35. Qd2 a5 36. Ree2 Nh6 37. Qg5 Ng4+ 38. Kh3 Rd4 39. Re1 Qd5 40.
Rge2 Qf3 41. Qe7 Rd3 0-1

[Event "6th K. Asrian Memorial"]
[Site "Jermuk"]
[Date "2013.06.17"]
[Round "2"]
[Board "15"]
[White "Hovhannisyan, Karen"]
[Black "Gorovets, Andrey"]
[Result "1/2-1/2"]
[WhiteElo "2107"]
[BlackElo "2470"]
[PlyCount "100"]
[EventDate "2013.06.16"]
[EventRounds "9"]
[EventCountry "ARM"]

1. e4 e5 2. Nf3 Nc6 3. d4 exd4 4. Nxd4 Bc5 5. Nxc6 Qf6 6. Qf3 bxc6 7. Nd2 Qxf3
8. gxf3 Nf6 9. Nb3 Bd6 10. Be3 Nh5 11. O-O-O Bf4 12. Nd4 Bb7 13. Bh3 d6 14. Rd3
c5 15. Nb5 Kd8 16. Rb3 Bc8 17. Bxc8 Kxc8 18. Nc3 Re8 19. Nd5 Bxe3+ 20. fxe3 c6
21. Nf4 Nf6 22. Rg1 g6 23. Rd3 Kc7 24. Rgd1 Rad8 25. Ra3 Kb7 26. Rad3 Kc7 27.
Ra3 Ra8 28. Rad3 Red8 29. c4 a5 30. Kc2 Nd7 31. Rxd6 Ne5 32. Rxd8 Rxd8 33. Nd3
Nxf3 34. Rf1 Nxh2 35. Rxf7+ Rd7 36. Rxd7+ Kxd7 37. Nxc5+ Ke7 38. Kd3 Ng4 39.
Nb7 Ne5+ 40. Ke2 a4 41. Nc5 a3 42. bxa3 g5 43. Nb3 Nxc4 44. a4 Kd6 45. a5 g4
46. a6 Kc7 47. Nd4 Ne5 48. Kf2 Kb6 49. Kg3 c5 50. Ne2 h5 1/2-1/2

[Event "6th K. Asrian Memorial"]
[Site "Jermuk"]
[Date "2013.06.17"]
[Round "2"]
[Board "17"]
[White "Gaboyan, Susanna"]
[Black "Hayrapetyan, Artavazd R."]
[Result "1/2-1/2"]
[WhiteElo "2019"]
[BlackElo "2172"]
[PlyCount "65"]
[EventDate "2013.06.16"]
[EventRounds "9"]
[EventCountry "ARM"]

1. d4 Nf6 2. c4 e5 3. d5 Bc5 4. e3 O-O 5. Nc3 a5 6. Bd3 c6 7. d6 Qe8 8. Bf5 g6
9. Bh3 e4 10. Nge2 Qe5 11. Ng3 Na6 12. O-O Re8 13. f3 Bxd6 14. fxe4 Bf8 15. Qf3
Bg7 16. Na4 b5 17. Nb6 Rb8 18. Nxd7 Bxd7 19. Bxd7 Re7 20. Bxc6 bxc4 21. Bd2
Rxb2 22. Rad1 h5 23. Qf4 Ng4 24. Bc1 Rxa2 25. h3 Bh6 26. Qf3 Nxe3 27. Bxe3 Ra3
28. Rd8+ Kh7 29. Qxf7+ Rxf7 30. Rxf7+ Bg7 31. Bd4 Qxg3 32. Bxg7 Qe3+ 33. Kh2
1/2-1/2

[Event "6th K. Asrian Memorial"]
[Site "Jermuk"]
[Date "2013.06.17"]
[Round "2"]
[Board "18"]
[White "Mnatsakanian, Eduard A"]
[Black "Hovsepyan, David"]
[Result "0-1"]
[WhiteElo "2156"]
[BlackElo "1996"]
[PlyCount "82"]
[EventDate "2013.06.16"]
[EventRounds "9"]
[EventCountry "ARM"]

1. e4 c6 2. d4 d5 3. Nc3 dxe4 4. Nxe4 Bf5 5. Ng3 Bg6 6. Nf3 Nd7 7. h4 h6 8. h5
Bh7 9. Bd3 Bxd3 10. Qxd3 e6 11. Bf4 Qa5+ 12. Bd2 Bb4 13. c3 Be7 14. c4 Qc7 15.
O-O-O Ngf6 16. Rde1 O-O 17. Kb1 b5 18. c5 Rad8 19. Qa3 Qb7 20. Nf5 exf5 21.
Rxe7 b4 22. Qb3 Nd5 23. Ree1 N7f6 24. Nh4 Ne4 25. Bc1 Qd7 26. Qf3 Ne7 27. Rd1
Rb8 28. Bf4 Rb5 29. g4 Qd5 30. Rhe1 Re8 31. Bd6 Nc8 32. Qxf5 Ncxd6 33. Qxd5
cxd5 34. cxd6 Nxd6 35. Rxe8+ Nxe8 36. Rc1 Nd6 37. Rc6 Nc4 38. Rc8+ Kh7 39. Rc7
Rb6 40. Rxf7 Re6 41. Ng6 Rc6 0-1

[Event "6th K. Asrian Memorial"]
[Site "Jermuk"]
[Date "2013.06.18"]
[Round "3"]
[Board "1"]
[White "Gabuzyan, Hovhannes"]
[Black "Melkumyan, Hrant"]
[Result "1-0"]
[WhiteElo "2533"]
[BlackElo "2635"]
[PlyCount "99"]
[EventDate "2013.06.16"]
[EventRounds "9"]
[EventCountry "ARM"]

1. e4 e5 2. Nf3 Nc6 3. d4 exd4 4. Nxd4 Bc5 5. Nxc6 bxc6 6. Bd3 d6 7. O-O Nf6 8.
h3 Nd7 9. Nd2 O-O 10. Nf3 h6 11. Bd2 Rb8 12. Rb1 d5 13. c4 Nf6 14. e5 Ne4 15.
b4 Be7 16. c5 a5 17. Nd4 Qe8 18. a3 axb4 19. axb4 f6 20. e6 f5 21. b5 cxb5 22.
Bxb5 Rxb5 23. Nxb5 c6 24. Nc7 Qd8 25. Ba5 Bxc5 26. Qa4 Qd6 27. e7 Qxe7 28. Qxc6
Qf7 29. Bb4 Bxb4 30. Rxb4 Kh7 31. Rd1 Rd8 32. Rxd5 Bd7 33. Qb6 Rc8 34. Rbd4 Bc6
35. Qxc6 Rxc7 36. Rd7 Rxc6 37. Rxf7 Rc1+ 38. Kh2 Kg6 39. Rdd7 Nxf2 40. Rxg7+
Kf6 41. Rdf7+ Ke5 42. g4 f4 43. Re7+ Kd4 44. Re2 Nd1 45. Rd7+ Kc3 46. Kg2 Ne3+
47. Kf3 Rf1+ 48. Rf2 Rh1 49. Kxf4 Rxh3 50. Rf3 1-0

[Event "6th K. Asrian Memorial"]
[Site "Jermuk"]
[Date "2013.06.18"]
[Round "3"]
[Board "2"]
[White "Babujian, Levon"]
[Black "Hovhannisyan, Robert"]
[Result "0-1"]
[WhiteElo "2488"]
[BlackElo "2610"]
[PlyCount "66"]
[EventDate "2013.06.16"]
[EventRounds "9"]
[EventCountry "ARM"]

1. d4 Nf6 2. c4 e6 3. Nc3 Bb4 4. a3 Bxc3+ 5. bxc3 c5 6. f3 Nc6 7. e4 d6 8. Be3
b6 9. Bd3 O-O 10. Ne2 Qc7 11. O-O Na5 12. Bg5 Nd7 13. f4 f6 14. Bh4 Ba6 15. e5
Bxc4 16. f5 exf5 17. Bxc4+ Nxc4 18. e6 Ne3 19. Qd3 Nxf1 20. exd7 c4 21. Qxf5
Nd2 22. Rd1 Nb3 23. Nf4 Rf7 24. Qd5 Rb8 25. Bxf6 Qxd7 26. Nh5 Qb7 27. Qg5 Rbf8
28. Rf1 h6 29. Qg6 Qe7 30. h4 Rxf6 31. Rxf6 Rxf6 32. Nxf6+ Qxf6 33. Qe8+ Kh7
0-1

[Event "6th K. Asrian Memorial"]
[Site "Jermuk"]
[Date "2013.06.18"]
[Round "3"]
[Board "3"]
[White "Aghasaryan, Robert"]
[Black "Ter-Sahakyan, Samvel"]
[Result "1/2-1/2"]
[WhiteElo "2470"]
[BlackElo "2582"]
[PlyCount "42"]
[EventDate "2013.06.16"]
[EventRounds "9"]
[EventCountry "ARM"]

1. d4 d5 2. c4 c6 3. Nf3 Nf6 4. Qc2 g6 5. Bf4 Bg7 6. e3 O-O 7. Nc3 c5 8. dxc5
Qa5 9. Rc1 Nc6 10. Nd4 dxc4 11. Nxc6 bxc6 12. Bxc4 Nh5 13. O-O Nxf4 14. exf4
Qxc5 15. Qe2 Bf5 16. b3 Rad8 17. Ne4 Qd4 18. Rfe1 e6 19. g3 Qb6 20. Ng5 Rd4 21.
Rcd1 h6 1/2-1/2

[Event "6th K. Asrian Memorial"]
[Site "Jermuk"]
[Date "2013.06.18"]
[Round "3"]
[Board "5"]
[White "Andriasian, Zaven"]
[Black "Mikaelyan, Arman"]
[Result "1-0"]
[WhiteElo "2610"]
[BlackElo "2215"]
[PlyCount "147"]
[EventDate "2013.06.16"]
[EventRounds "9"]
[EventCountry "ARM"]

1. e4 e5 2. Nf3 Nc6 3. Bc4 Bc5 4. c3 Nf6 5. d3 d6 6. Nbd2 a6 7. Bb3 Ba7 8. O-O
O-O 9. h3 Ne7 10. Nh4 Nd7 11. Bc2 Nc5 12. b4 Ne6 13. Ndf3 b5 14. a4 Bb7 15. Bb3
Qd7 16. Be3 Bxe3 17. fxe3 f6 18. Nf5 g6 19. N3h4 Kh8 20. Ng3 Ng5 21. Nf3 Nxf3+
22. Rxf3 d5 23. Qf1 Kg7 24. exd5 Bxd5 25. Bxd5 Nxd5 26. Ne4 bxa4 27. Qe1 Qc6
28. c4 Nb6 29. Qc3 Nd7 30. Qc2 f5 31. Nc3 e4 32. dxe4 Ne5 33. Rf4 Qxc4 34. exf5
Qd3 35. Qxd3 Nxd3 36. Rd4 Rad8 37. Rc4 Rxf5 38. Rxc7+ Rf7 39. Rxf7+ Kxf7 40.
Rxa4 Rc8 41. Nd5 Ke6 42. e4 Ke5 43. Rxa6 Kxe4 44. Nf6+ Kf4 45. Nxh7 Ne5 46. Kh2
Rb8 47. Rf6+ Ke4 48. Ng5+ Kd5 49. Nf3 Nd3 50. Rxg6 Rxb4 51. h4 Nf4 52. Rf6 Ke4
53. Rf8 Rb2 54. Rg8 Kf5 55. Rg5+ Kf6 56. Nd4 Ng6 57. Rf5+ Kg7 58. Nf3 Rb4 59.
Kg3 Ra4 60. Rg5 Kh6 61. Rg4 Ra3 62. Re4 Ra2 63. Kh3 Ra3 64. Kg4 Ra2 65. g3 Ra5
66. Ng5 Rc5 67. Re6 Rb5 68. Ra6 Rb4+ 69. Kh3 Rb5 70. Ra7 Nf8 71. Rf7 Rb8 72.
Rf6+ Ng6 73. Ne6 Rb6 74. h5 1-0

[Event "6th K. Asrian Memorial"]
[Site "Jermuk"]
[Date "2013.06.18"]
[Round "3"]
[Board "6"]
[White "Fier, Alexandr"]
[Black "Minasian, Artashes"]
[Result "1/2-1/2"]
[WhiteElo "2609"]
[BlackElo "2505"]
[PlyCount "90"]
[EventDate "2013.06.16"]
[EventRounds "9"]
[EventCountry "ARM"]

1. d4 Nf6 2. c4 c5 3. d5 g6 4. Nc3 d6 5. e4 Bg7 6. f4 O-O 7. Nf3 e6 8. Be2 exd5
9. cxd5 Bg4 10. O-O Nbd7 11. Re1 Re8 12. h3 Bxf3 13. Bxf3 a6 14. a4 Rb8 15. Be3
b5 16. axb5 axb5 17. Bf2 b4 18. Na4 Kh8 19. b3 Ng8 20. Ra2 g5 21. e5 gxf4 22.
exd6 Rxe1+ 23. Qxe1 Ne5 24. Qe2 c4 25. bxc4 b3 26. Rd2 Nxf3+ 27. gxf3 Qxd6 28.
c5 Qd7 29. c6 Qxh3 30. c7 Rc8 31. d6 Nf6 32. Bd4 Rg8 33. Qg2 Qe6 34. Bc3 Nd5
35. d7 Qxd7 36. Rxd5 Qxc7 37. Rg5 f5 38. Kh2 Qf7 39. Qd2 h6 40. Bxg7+ Rxg7 41.
Rxg7 Kxg7 42. Qc3+ Kh7 43. Nc5 Qc7 44. Qb4 Qe7 45. Qxb3 Qxc5 1/2-1/2

[Event "6th K. Asrian Memorial"]
[Site "Jermuk"]
[Date "2013.06.18"]
[Round "3"]
[Board "7"]
[White "Kotanjian, Tigran"]
[Black "Petrosyan, Tigran S."]
[Result "0-1"]
[WhiteElo "2529"]
[BlackElo "2356"]
[PlyCount "54"]
[EventDate "2013.06.16"]
[EventRounds "9"]
[EventCountry "ARM"]

1. d4 d5 2. c4 c6 3. Nf3 Nf6 4. Nc3 dxc4 5. a4 Bf5 6. Ne5 Nbd7 7. Nxc4 Qc7 8.
g3 e5 9. dxe5 Nxe5 10. Bf4 Nfd7 11. Bg2 g5 12. Bxe5 Nxe5 13. Qd4 f6 14. h4 Nxc4
15. Qxc4 O-O-O 16. hxg5 fxg5 17. Be4 Bxe4 18. Qxe4 Kb8 19. Rd1 Bd6 20. Rh6 Bxg3
21. Rxd8+ Rxd8 22. Rxh7 Qb6 23. Nd1 Qc5 24. Qb1 Bh4 25. e3 Qd5 26. Qc2 Qf3 27.
a5 Rxd1+ 0-1

[Event "6th K. Asrian Memorial"]
[Site "Jermuk"]
[Date "2013.06.18"]
[Round "3"]
[Board "8"]
[White "Vardanian, Hakob"]
[Black "Baghdasaryan, Vahe"]
[Result "0-1"]
[WhiteElo "2260"]
[BlackElo "2387"]
[PlyCount "132"]
[EventDate "2013.06.16"]
[EventRounds "9"]
[EventCountry "ARM"]

1. e4 c5 2. Nf3 e6 3. d3 Nc6 4. g3 g6 5. Bg2 Bg7 6. O-O Nge7 7. c3 e5 8. a3 a5
9. a4 O-O 10. Be3 d6 11. Na3 Kh8 12. Nd2 f5 13. exf5 Nxf5 14. Qb3 Qe7 15. Bd5
Nxe3 16. fxe3 Bh3 17. Bg2 Bh6 18. Bxh3 Bxe3+ 19. Kg2 Bxd2 20. Qd5 Bh6 21. Nc4
Rad8 22. Rxf8+ Rxf8 23. Rf1 Rxf1 24. Kxf1 Qg5 25. Qxd6 Qh5 26. Qf6+ Bg7 27. Qe6
Qf3+ 28. Kg1 Bf8 29. Bg2 Qxd3 30. Bxc6 bxc6 31. Qxe5+ Kg8 32. Qe6+ Kg7 33. Kg2
h5 34. Ne5 Qe4+ 35. Kh3 Kh7 36. Qd7+ Bg7 37. Nf7 Qxa4 38. Ng5+ Kh6 39. Nf3 Qc4
40. Qd2+ Kh7 41. Ng5+ Kg8 42. Qd8+ Bf8 43. Qf6 Qg4+ 44. Kg2 Qe2+ 45. Kh3 Qe8
46. Ne6 Qf7 47. Qxf7+ Kxf7 48. Nd8+ Kf6 49. Kg2 a4 50. Nxc6 Bh6 51. Na5 Bc1 52.
b4 cxb4 53. cxb4 Bd2 54. Nc4 Bc1 55. b5 a3 56. b6 a2 57. b7 a1=Q 58. b8=Q Qa2+
59. Kh3 Qxc4 60. Qf8+ Qf7 61. Qh8+ Ke7 62. Qc3 Qf1+ 63. Kh4 Qf6+ 64. Qxf6+ Kxf6
65. g4 Bg5+ 66. Kg3 h4+ 0-1

[Event "6th K. Asrian Memorial"]
[Site "Jermuk"]
[Date "2013.06.18"]
[Round "3"]
[Board "9"]
[White "Postny, Evgeny"]
[Black "Bakunts, Rafael"]
[Result "1-0"]
[WhiteElo "2645"]
[BlackElo "2257"]
[PlyCount "103"]
[EventDate "2013.06.16"]
[EventRounds "9"]
[EventCountry "ARM"]

1. d4 Nf6 2. c4 g6 3. Nc3 Bg7 4. e4 d6 5. h3 O-O 6. Be3 c5 7. d5 e6 8. Bd3 exd5
9. exd5 Nfd7 10. Nf3 Ne5 11. Nxe5 Bxe5 12. Qd2 Nd7 13. O-O Bg7 14. Rae1 Ne5 15.
Be2 f5 16. b3 a6 17. a4 Qa5 18. Rc1 Qb4 19. Kh1 Bd7 20. f4 Nf7 21. Bd1 Rfe8 22.
Qd3 Qa5 23. Bd2 Qd8 24. Ne2 Qh4 25. a5 Re4 26. Qg3 Qh6 27. Ng1 Bd4 28. Bc2 Ree8
29. Rce1 Qg7 30. Qd3 Re4 31. Nf3 Bf6 32. Rb1 Rae8 33. b4 cxb4 34. Rxb4 Bc8 35.
Qa3 Re2 36. Bd3 R2e7 37. Rb3 Rc7 38. Bb4 Rd7 39. Rbb1 Rdd8 40. Rbe1 Qf8 41. c5
Qh6 42. Qc1 dxc5 43. Bxc5 Bd7 44. Rxe8+ Rxe8 45. Qb1 Qxf4 46. Qxb7 Qa4 47. Qxa6
Bc3 48. d6 Qxa5 49. Qxa5 Bxa5 50. Bc4 Bd8 51. Ra1 Kg7 52. Ra7 1-0

[Event "6th K. Asrian Memorial"]
[Site "Jermuk"]
[Date "2013.06.18"]
[Round "3"]
[Board "10"]
[White "Hayrapetyan, Hovik"]
[Black "Martirosyan, Haik M."]
[Result "1-0"]
[WhiteElo "2502"]
[BlackElo "2139"]
[PlyCount "121"]
[EventDate "2013.06.16"]
[EventRounds "9"]
[EventCountry "ARM"]

1. d4 d5 2. Nf3 Nf6 3. c4 c6 4. Nc3 dxc4 5. a4 Bf5 6. e3 e6 7. Bxc4 Bb4 8. O-O
O-O 9. Qe2 Nbd7 10. e4 Bg6 11. Bd3 Bh5 12. e5 Nd5 13. Nxd5 cxd5 14. h3 Rc8 15.
Be3 Bg6 16. Bxg6 hxg6 17. Qb5 Qe7 18. Rfc1 Nb8 19. Rxc8 Rxc8 20. Bg5 Qf8 21.
Qxb7 a5 22. Rc1 Rxc1+ 23. Bxc1 Qe8 24. Bd2 Nc6 25. Bc3 Bxc3 26. bxc3 Ne7 27.
Qc7 Nc6 28. g3 f6 29. Kg2 g5 30. Ne1 fxe5 31. dxe5 d4 32. cxd4 Qa8 33. d5 Nb4
34. Qd6 Qxd5+ 35. Qxd5 Nxd5 36. Nd3 Kf7 37. Nc5 Nb6 38. Kf3 Nc4 39. Ke4 Nb6 40.
f4 gxf4 41. Kxf4 Nd5+ 42. Kg5 Ne7 43. h4 Nf5 44. Kf4 Nd4 45. g4 g6 46. h5 gxh5
47. gxh5 Nc6 48. Ke4 Nd8 49. Kf4 Nc6 50. h6 Kg6 51. Nxe6 Kxh6 52. Kf5 Kh7 53.
Nc5 Kg7 54. Ke6 Kf8 55. Kd6 Ne7 56. Nb7 Kf7 57. Nxa5 Nc8+ 58. Kc7 Ne7 59. Nc6
Nd5+ 60. Kd6 Nb6 61. a5 1-0

[Event "6th K. Asrian Memorial"]
[Site "Jermuk"]
[Date "2013.06.18"]
[Round "3"]
[Board "12"]
[White "Mkrtchian, Lilit"]
[Black "Hovhannisyan, Karen"]
[Result "1-0"]
[WhiteElo "2466"]
[BlackElo "2107"]
[PlyCount "51"]
[EventDate "2013.06.16"]
[EventRounds "9"]
[EventCountry "ARM"]

1. c4 Nf6 2. Nf3 c6 3. e3 d5 4. Nc3 e6 5. b3 Bd6 6. Bb2 O-O 7. Be2 b6 8. Qc2
Bb7 9. O-O Nbd7 10. d4 Rc8 11. e4 e5 12. exd5 cxd5 13. Nb5 Bb8 14. dxe5 Ne4 15.
Rad1 Re8 16. Bd3 a6 17. Nc3 Nxc3 18. Bxh7+ Kh8 19. Bxc3 dxc4 20. Qf5 Bxf3 21.
Rxd7 Qh4 22. Qxf3 Qxh7 23. Rxf7 cxb3 24. axb3 Bxe5 25. Bxe5 Rxe5 26. Rxg7 1-0

[Event "6th K. Asrian Memorial"]
[Site "Jermuk"]
[Date "2013.06.18"]
[Round "3"]
[Board "13"]
[White "Kalashian, David"]
[Black "Khomeriki, Nino"]
[Result "1-0"]
[WhiteElo "2419"]
[BlackElo "2066"]
[PlyCount "85"]
[EventDate "2013.06.16"]
[EventRounds "9"]
[EventCountry "ARM"]

1. d4 Nf6 2. c4 e6 3. Nf3 c5 4. g3 cxd4 5. Nxd4 a6 6. Bg2 Qc7 7. O-O Qxc4 8.
Nc3 Nc6 9. Nxc6 bxc6 10. Bg5 Be7 11. Rc1 Qb4 12. Bxf6 gxf6 13. Qd2 O-O 14. a3
Qg4 15. Ne4 d5 16. Qb4 Qxe4 17. Qxe7 Qd4 18. Rxc6 Ra7 19. Qc5 Qxc5 20. Rxc5 Bd7
21. Rfc1 Raa8 22. e4 d4 23. e5 Rab8 24. exf6 Rxb2 25. Be4 Rb5 26. Rc7 Be8 27.
Rc8 e5 28. R1c7 Rb6 29. Re7 Ba4 30. Bxh7+ Kxh7 31. Rxf8 Bc6 32. f3 Rb1+ 33. Kg2
Rb2+ 34. Kh3 Bd5 35. Rxe5 Be6+ 36. Rxe6 fxe6 37. Re8 Kg6 38. Rxe6 d3 39. Rxa6
Rf2 40. f4 Ra2 41. a4 d2 42. Rd6 Rxa4 43. Rxd2 1-0

[Event "6th K. Asrian Memorial"]
[Site "Jermuk"]
[Date "2013.06.18"]
[Round "3"]
[Board "14"]
[White "Harutyunian, Tigran K."]
[Black "Guo, Emma"]
[Result "1/2-1/2"]
[WhiteElo "2359"]
[BlackElo "2064"]
[PlyCount "67"]
[EventDate "2013.06.16"]
[EventRounds "9"]
[EventCountry "ARM"]

1. d4 Nf6 2. Nf3 g6 3. c4 Bg7 4. Nc3 d5 5. cxd5 Nxd5 6. e4 Nxc3 7. bxc3 c5 8.
Be3 O-O 9. Qd2 b6 10. Be2 Qc7 11. Rd1 Nc6 12. O-O Rd8 13. Bf4 e5 14. Bg3 cxd4
15. cxd4 Nxd4 16. Nxd4 Qb7 17. Qg5 Rxd4 18. Bxe5 Bxe5 19. Rxd4 Bxd4 20. Qd8+
Kg7 21. Qxd4+ Kg8 22. Qd8+ Kg7 23. e5 Qxg2+ 24. Kxg2 Bb7+ 25. Bf3 Bxf3+ 26.
Kxf3 Rxd8 27. Rc1 Rd5 28. Rc7 Rxe5 29. Rxa7 Kf6 30. Ra6 Re6 31. a4 Kg5 32. Ra7
Kf6 33. Ra6 Kg5 34. Ra7 1/2-1/2

[Event "6th K. Asrian Memorial"]
[Site "Jermuk"]
[Date "2013.06.18"]
[Round "3"]
[Board "15"]
[White "Petrosyan, Manuel"]
[Black "Imnadze, Nato"]
[Result "0-1"]
[WhiteElo "2341"]
[BlackElo "2059"]
[PlyCount "108"]
[EventDate "2013.06.16"]
[EventRounds "9"]
[EventCountry "ARM"]

1. d4 d5 2. c4 c6 3. Nf3 Nf6 4. e3 Bf5 5. Nc3 e6 6. Nh4 Bg6 7. Nxg6 hxg6 8. g3
Nbd7 9. Bg2 Bd6 10. O-O O-O 11. Qe2 Qe7 12. a3 Rfe8 13. c5 Bc7 14. f4 b6 15. b4
a5 16. Bd2 Reb8 17. g4 axb4 18. axb4 bxc5 19. bxc5 Qd8 20. Rxa8 Rxa8 21. g5 Ne8
22. h4 Ba5 23. h5 gxh5 24. Qxh5 g6 25. Qe2 Bxc3 26. Bxc3 Ra3 27. Qb2 Qa8 28. e4
Qa6 29. Rf2 Ng7 30. f5 gxf5 31. exd5 exd5 32. Bf1 Qa4 33. Bd3 Qb3 34. Qxb3 Rxb3
35. Rc2 Nf8 36. Ba6 Nfe6 37. Bc8 Nxg5 38. Bd7 Ne4 39. Be1 Rb1 40. Kf1 f4 41.
Ke2 f3+ 42. Kxf3 Rxe1 43. Bxc6 Nf5 44. Rg2+ Kf8 45. Kf4 Nxd4 46. Bxd5 Nxc5 47.
Bxf7 Kxf7 48. Ra2 Kf6 49. Kg3 Kg5 50. Ra8 Ne4+ 51. Kg2 Kf4 52. Rf8+ Nf5 53. Kh2
Re2+ 54. Kg1 Neg3 0-1

[Event "6th K. Asrian Memorial"]
[Site "Jermuk"]
[Date "2013.06.19"]
[Round "4"]
[Board "1"]
[White "Hovhannisyan, Robert"]
[Black "Gabuzyan, Hovhannes"]
[Result "1-0"]
[WhiteElo "2610"]
[BlackElo "2533"]
[PlyCount "209"]
[EventDate "2013.06.16"]
[EventRounds "9"]
[EventCountry "ARM"]

1. e4 c5 2. Nf3 d6 3. d4 cxd4 4. Nxd4 Nf6 5. Nc3 a6 6. Be2 e5 7. Nb3 Be7 8. Bg5
Nbd7 9. a4 b6 10. Nd2 h6 11. Bh4 Bb7 12. Nc4 Rc8 13. O-O g5 14. Bg3 Qc7 15. Ne3
Qc5 16. Ra3 Qd4 17. Bd3 Nc5 18. Ne2 Qxb2 19. Nc4 Nxd3 20. Nxb2 Nxb2 21. Qa1 Nc4
22. f3 Nxa3 23. Qxa3 d5 24. Qb2 O-O 25. Bxe5 Nd7 26. Bg7 dxe4 27. fxe4 Rfe8 28.
Bxh6 Ne5 29. Kh1 Rc6 30. Qxe5 Rxh6 31. Nd4 Bc8 32. Nf5 Bxf5 33. Qxf5 Bf6 34.
Qg4 Rh4 35. Qd7 Rhxe4 36. g3 Re1 37. Qf5 R1e6 38. Qg4 Re4 39. Qd7 Re1 40. Qd3
a5 41. Rxe1 Rxe1+ 42. Kg2 Rb1 43. Qf5 Kg7 44. h4 gxh4 45. gxh4 Re1 46. Qg4+ Kh7
47. Qd7 Re7 48. Qd6 Re2+ 49. Kh3 Kg7 50. Qg3+ Kh8 51. Qb8+ Kg7 52. Qxb6 Rxc2
53. h5 Rc4 54. Qxa5 Rh4+ 55. Kg3 Re4 56. Qa6 Re6 57. Qc4 Bd8 58. Qg4+ Kh7 59.
Qd4 Bb6 60. Qd5 Kg7 61. Kg4 Rh6 62. Qe5+ Kh7 63. Kf3 Re6 64. Qg5 Rh6 65. Ke4
Re6+ 66. Kd5 Rh6 67. Kc4 Re6 68. Kb5 Be3 69. Qf5+ Kg7 70. a5 Kg8 71. Kc4 Bd2
72. Qg4+ Kf8 73. a6 Be3 74. Kd3 Ba7 75. Kc3 Be3 76. Kc4 Bb6 77. Qg2 Be3 78. Kd3
Bc5 79. Qg5 Rxa6 80. Qxc5+ Kg7 81. Qc3+ Kh7 82. Qc8 Rd6+ 83. Kc4 Rh6 84. Qf8
Rxh5 85. Qxf7+ Kh6 86. Qf6+ Kh7 87. Kd4 Rh6 88. Qe7+ Kg6 89. Ke4 Rh5 90. Qe6+
Kg7 91. Kf4 Rh2 92. Kg3 Rh6 93. Qe7+ Kg8 94. Kg4 Rg6+ 95. Kf5 Rg1 96. Qd8+ Kh7
97. Qc7+ Rg7 98. Qh2+ Kg8 99. Qa2+ Kh7 100. Qe2 Rf7+ 101. Ke6 Kg8 102. Qc4 Kg7
103. Qg4+ Kf8 104. Qh5 Rg7 105. Qh8+ 1-0

[Event "6th K. Asrian Memorial"]
[Site "Jermuk"]
[Date "2013.06.19"]
[Round "4"]
[Board "2"]
[White "Chibukhchian, Artur"]
[Black "Andriasian, Zaven"]
[Result "1/2-1/2"]
[WhiteElo "2450"]
[BlackElo "2610"]
[PlyCount "36"]
[EventDate "2013.06.16"]
[EventRounds "9"]
[EventCountry "ARM"]

1. d4 d5 2. c4 c6 3. Nf3 Nf6 4. e3 e6 5. b3 Nbd7 6. Bd3 Bb4+ 7. Nbd2 Bc3 8. Rb1
e5 9. dxe5 Nxe5 10. Nxe5 Bxe5 11. Qc2 O-O 12. Nf3 Bd6 13. cxd5 Bb4+ 14. Bd2
Bxd2+ 15. Nxd2 Qxd5 16. Ne4 Nxe4 17. Bxe4 Qh5 18. b4 a5 1/2-1/2

[Event "6th K. Asrian Memorial"]
[Site "Jermuk"]
[Date "2013.06.19"]
[Round "4"]
[Board "3"]
[White "Ter-Sahakyan, Samvel"]
[Black "Arutinian, David"]
[Result "1/2-1/2"]
[WhiteElo "2582"]
[BlackElo "2543"]
[PlyCount "58"]
[EventDate "2013.06.16"]
[EventRounds "9"]
[EventCountry "ARM"]

1. e4 c6 2. d4 d5 3. e5 Bf5 4. h4 h6 5. g4 Be4 6. f3 Bh7 7. e6 Qd6 8. exf7+
Kxf7 9. Bd3 e5 10. Ne2 Nd7 11. O-O Ngf6 12. Be3 Re8 13. Bf2 Bxd3 14. cxd3 exd4
15. Bxd4 Ne5 16. Nbc3 c5 17. Bxe5 Qxe5 18. d4 cxd4 19. Qxd4 Qxd4+ 20. Nxd4 Bb4
21. Nce2 h5 22. g5 Nd7 23. Rac1 Rc8 24. Kg2 Ne5 25. b3 Ng6 26. Kh3 Rxc1 27.
Rxc1 Bd6 28. Nf5 Bb8 29. Kg2 Re8 1/2-1/2

[Event "6th K. Asrian Memorial"]
[Site "Jermuk"]
[Date "2013.06.19"]
[Round "4"]
[Board "4"]
[White "Baghdasaryan, Vahe"]
[Black "Aghasaryan, Robert"]
[Result "1-0"]
[WhiteElo "2387"]
[BlackElo "2470"]
[PlyCount "85"]
[EventDate "2013.06.16"]
[EventRounds "9"]
[EventCountry "ARM"]

1. e4 e5 2. Nf3 Nc6 3. Bc4 Bc5 4. b4 Bxb4 5. c3 Be7 6. d4 Na5 7. Be2 d6 8. Qa4+
c6 9. dxe5 dxe5 10. Nxe5 Nf6 11. O-O b5 12. Qc2 Qc7 13. f4 O-O 14. Nd2 Re8 15.
Ndf3 Bd6 16. Kh1 Be6 17. Bd3 Rad8 18. Bd2 Bxe5 19. Nxe5 Nd7 20. Nxd7 Qxd7 21.
Rf3 Bg4 22. Rg3 Be2 23. c4 Bxd3 24. Qb2 Qd4 25. Bc3 Nxc4 26. Bxd4 Nxb2 27. Bxg7
Na4 28. Bh6+ Kh8 29. Bg7+ Kg8 30. Rd1 f5 31. Be5+ Kf7 32. Rgxd3 Rxd3 33. Rxd3
fxe4 34. Rh3 Nc5 35. Rxh7+ Ke6 36. Rh6+ Kd5 37. Rd6+ Kc4 38. Rd4+ Kc3 39. Rxe4+
Kc2 40. Re3 b4 41. h4 Kd2 42. Rf3 Nd3 43. Bg7 1-0